01287nam a22003617a 4500003000500000005001700005008004100022010000900063011000900072035000900081040000900090090001000099100003800109245008300147260004000230300001000270500001100280502009900291590003700390590004100427590004100468590004100509590004200550650004100592650003400633650002900667650002900696901000700725942001000732949004100742999001500783952012700798CHAP20220329133140.0971013s1991 r 00010 d a2726 a3698 a2899 cCHAP aTesis00aBautista Galeana, Félix.910908 aIntervención del Estado en la explotación forestal de los Altos de Chiapas aChapingo, Méx. :bEl autor,c1991 a89 h. aD47-18 aTesis (Ing. Agr. Esp. en Economía Agrícola) -- UACH. Departamento de Economía Agrícola aALEPHb10c20130110lUCH01h1213 aBATCH-UPDb10c20130110lUCH01h1728 aBATCH-UPDb10c20130410lUCH01h1110 aBATCH-UPDb10c20130914lUCH01h0547 aCONVERSIONb10c20130109lUCH01h130314aAgricultura y EstadoxChiapas.9203914aBosquesxExtracción.91417414aBosqueszChiapas.91441414aBosqueszChiapas.914414 aBK cTESIS bBCcTESd-12407eTS1h24593i2899si c2726d2726 00102local4051708TESISaBCbBCcPA_TESISd2019-12-31fTESISl0oTesisp-12407r2019-12-31 00:00:00w2019-12-31yTESIS